1336 1901 1964 1578 1781 1862 1864 1583 1964 1783 1457 1132 1138 1065 1385 1324 1043 1889 1086 1483 1746 1922 1777 1464 1259 1382 1206 1852 1026 1701 1583 1132 1249 1632 1489 1203 1458 1844 1629 1976 1555 1604 1873 1104 1371 1309 1830 1579 1464 1415 1326 1187 1743 1019 1339 1258 1352 1654 1317 1123 1564 1643 1875 1473 1433 1290 1506 1543 1508 1620 1557 1740 1741 1134 1152 1747 1690 1109 1612 1902 1470 1804 1669 1225 1910 1022 1724 1376 1156 1523 1769 1025 1659 1022 1717 1315 1116 1164 1466 BCNSPRNW ULIB Ver.6.0+V

เปลี่ยนเป็นภาษาไทย

Change to English
 แสดงรายละเอียดบรรณานุกรม
  กลับหน้าหลัก

Brief Record : Get Marc (ISO 2709) : E-mail record : QR code < ปิดหน้าต่าง
LEADER : 00000nam 2200000uu 4500
001    13399112107
003     ULIB
008    110727s2551||||th 000 0 tha d
020    9789740322900
050  4 HA62.5^bน136ก 2551
100 0  นงนภัส คู่วรัญญู เที่ยงกมล
245 10 การวิจัยเชิงบูรณาการแบบองค์รวม =^b(Holistically integrative research) /^cนงนภัส คู่วรัญญู เที่ยงกมล
246 31 Holistically integrative research
250    พิมพ์ครั้งที่ 1
260    กรุงเทพฯ :^bสำนักพิมพ์แห่งจุฬาลงกรณ์มหาวิทยาลัย,^c2551
300    [8], 359 หน้า :^bภาพประกอบ ;^c21 ซม.
650  4 วิจัยปฏิบัติการ
650  4 สังคมศาสตร์^vวิจัย
650  4 วิจัย
945    ^p145^l0^i024839
945    ^p145^l0^i024840
995    ทศพร
999 ^a ทศพร
รายการนี้ยังไม่มีแท็ก
คุณยังไม่ได้ล็อกอิน คุณสามารถมีกิจกรรมร่วมกับเว็บไซต์ได้ แต่ต้องล็อกอินก่อน ::
  ล็อกอิน

รายการสื่อสารสนเทศ

ลำดับที่ ประเภท เลขเรียก/บาร์โค้ด สถานที่ สถานะ
- ไม่พบข้อมูล -

รายการใกล้เคียง
    ผู้แต่ง [นงนภัส คู่วรัญญู เที่ยงกมล]

    หัวเรื่อง [วิจัยปฏิบัติการ]
    หัวเรื่อง [วิจัย]

BibComment


ยังไม่เคยถูกคอมเมนท์

คอมเมนท์ทรัพยากรรายการนี้
  คอมเมนท์: การวิจัยเชิงบูรณา..


 Copyright 2026. Bcnsprnw @Library